| 000 | 00689nam a2200217 u 4500 | ||
|---|---|---|---|
| 005 | 20250611063909.0 | ||
| 008 | 090622s2003 r 000 0 eng d | ||
| 020 | _a9871004451 | ||
| 035 | _aUPN01000171306 | ||
| 049 | _aCG | ||
| 050 | 4 |
_aHM1236 _bR4.6 |
|
| 100 | 1 | _aRey Lennon, Federico | |
| 245 | 1 | 0 |
_aPequeño manual de encuestas de opinión pública / _cFederico Rey Lennon, Alejandro P. Piscitelli Murphy. |
| 260 |
_aBuenos Aires : _bLa Crujía, _c2003. |
||
| 300 |
_a190 p. : _btablas |
||
| 440 | 0 |
_aInclusiones. _pHerramientas |
|
| 650 | 2 |
_aOpinión pública _936 |
|
| 650 | 4 |
_aENCUESTAS SOCIALES _913042 |
|
| 700 | 1 |
_aPisitelli Murphy, Alejandro P., _bcoaut. |
|
| 905 | _aLibro | ||
| 999 |
_c143411 _d143411 |
||